000 00381nam a2200133Ia 4500
008 191201s2018 xx 000 0 und d
082 _a003.19 NAA
100 _aNaik,Susesh Ramnath
245 0 _aAdvances information and technology of sterile products
260 _bNirali Parkashan
_aNew Delhi
_c2018
300 _aMisc.
650 _aPharmaceutical Dosage forms
942 _2ddc
_cBK
999 _c8333
_d8333